Finish the Movie Title III Quiz Stats

Quiz Updated Oct 16, 2015

Challenge
Share
Tweet
Embed
Score 0/40 Timer 06:00
2 Plays Today
Start of title Last two words % Correct
All Dogs Go...To Heaven
90.1%
Bend It...Like Beckham
89.1%
Cloudy with a Chance...of Meatballs
88.2%
Who Framed...Roger Rabbit
87.3%
The Rocky Horror...Picture Show
86.9%
Crouching Tiger...Hidden Dragon
83.6%
Where the Wild...Things Are
82.4%
How to Train...Your Dragon
82.4%
A Streetcar...Named Desire
80.4%
The Devil...Wears Prada
79.3%
The Men Who Stare...At Goats
78.4%
How the West...Was Won
76%
There Will...Be Blood
74.4%
What's Eating...Gilbert Grape
74.3%
Live Free or...Die Hard
74.2%
Bill & Ted's...Excellent Adventure
72.7%
Get Him to...the Greek
72.3%
The Talented...Mr. Ripley
70.5%
Tinker Tailor...Soldier Spy
65.8%
That Thing...You Do!
65.6%
Start of title Last two words % Correct
So I Married an...Axe Murderer
64.6%
One Flew Over The...Cuckoo's Nest
63.8%
Alice Doesn't Live...Here Anymore
62.9%
sex, lies...and videotape
53.7%
It Happened...One Night
49.2%
Extremely Loud and...Incredibly Close
49.1%
To Catch...a Thief
48.8%
Meet Me In...St. Louis
48.4%
Mission Impossible...Ghost Protocol
44.8%
The Man with the...Golden Gun
43.9%
For a Few...Dollars More
41.3%
Win a Date with...Tad Hamilton!
40.1%
They Shoot Horses...Don't They?
39.9%
Play Misty...For Me
39.9%
Witness for...the Prosecution
37.1%
The Fabulous...Baker Boys
34.8%
Postcards from...The Edge
33.2%
Like Water...for Chocolate
29.1%
Confessions of a...Dangerous Mind
17.3%
Bring Me the Head of...Alfredo Garcia
8.3%

You're not logged in!

Compare scores with friends on all Sporcle quizzes.
Join for Free
OR
Log In

You Might Also Like...

Show Comments

Extras

Top Quizzes Today


Score Distribution

Your Account Isn't Verified!

In order to create a playlist on Sporcle, you need to verify the email address you used during registration. Go to your Sporcle Settings to finish the process.

Report this User

Report this user for behavior that violates our Community Guidelines.

Details: